UCL Semi-Finalist Clubs - Statistics

General Stats
  • This quiz has been taken 81 times
  • The average score is 46 of 74
Answer Stats
Semi-
Final
Club Country % Correct
9 Ajax Netherlands
100%
17 Barcelona Spain
100%
21 Bayern Munich Germany
100%
8 Chelsea England
100%
10 Inter Italy
100%
11 Liverpool England
100%
33 Real Madrid Spain
100%
6 Atletico Madrid Spain
99%
13 Juventus Italy
99%
12 Manchester United England
99%
13 Milan Italy
99%
5 Paris Saint Germain France
99%
8 Benfica Portugal
97%
5 Borussia Dortmund Germany
97%
4 Celtic Scotland
96%
3 Porto Portugal
96%
3 Arsenal England
94%
4 Manchester City England
93%
3 PSV Netherlands
92%
1 Aston Villa England
90%
3 Dynamo Kyiv Ukraine
89%
2 Olympique de Marseille France
87%
2 Tottenham Hotspur England
87%
3 Crvena Zvezda Serbia
83%
2 Feyenoord Netherlands
83%
2 Olympique Lyonnais France
83%
4 Monaco France
82%
2 Nottingham Forest England
82%
3 Hamburg Germany
80%
1 Club Brugge Belgium
75%
1 Rangers Scotland
75%
3 FCSB Romania
73%
2 Roma Italy
70%
2 Valencia Spain
70%
2 Anderlecht Belgium
69%
3 Leeds United England
65%
1 Bayer Leverkusen Germany
63%
3 Panathinaikos Greece
63%
1 Galatasaray Türkiye
61%
2 Villarreal Spain
59%
2 Stade de Reims France
58%
1 Leipzig Germany
56%
1 Malmö Sweden
55%
2 BorussiaMönchengladbach Germany
54%
1 Deportivo La Coruna Spain
54%
1 Legia Warsaw Poland
51%
2 Saint Etienne France
51%
1 Young Boys Switzerland
51%
1 Eintracht Frankfurt Germany
49%
1 Fiorentina Italy
49%
1 Schalke Germany
44%
1 Bordeaux France
42%
1 Partizan Serbia
42%
1 Nantes France
41%
2 Zürich Switzerland
39%
2 CSKA Sofia Bulgaria
38%
1 Real Sociedad Spain
37%
1 Dundee FC Scotland
34%
1 Dundee United Scotland
34%
1 Hibernian Scotland
34%
1 Göteborg Sweden
32%
1 Spartak Moscow Russia
31%
1 Spartak Trnava Slovakia
31%
1 Dinamo Bucharest Romania
24%
1 Rapid Wien Austria
24%
1 Köln Germany
23%
1 Austria Wien Austria
17%
1 Derby County England
17%
1 Standard Liege Belgium
17%
1 Györ Hungary
15%
1 Dukla Prague Czechia
11%
1 Widzew Lodz Poland
10%
1 Ujpest Hungary
8%
1 Vasas Hungary
7%
No matching quizzes found
Score Distribution
Percent of People with Each Score
Percentile by Number Answered
Your Score History
You have not taken this quiz